[Event "DVM U16 2023"]
[Site "Magdeburg GER"]
[Date "2023.12.27"]
[Round "2"]
[White "Yue, Qihang"]
[Black "Wegener, Moritz"]
[Result "1-0"]
[Termination "normal"]
[Board "7.4"]
[WhiteElo "1433"]
[BlackElo "1242"]
[WhiteClock "00:31:01"]
[BlackClock "00:23:59"]
[WhiteTeam "SV Multatuli Ingelheim"]
[BlackTeam "SG Porz"]
[PlyCount "71"]
[WhiteFideId "16278968"]
[BlackFideId "16298080"]
[EventCountry "GER"]
[EventRounds "7"]
[EventType "team-swiss"]
[EventDate "2023.12.26"]

1. e4 {[%clk 01:30:55]} {[%emt 00:00:04]} b6 {[%clk 01:30:46]} {[%emt
00:00:15]} 2. d4 {[%clk 01:31:08]} {[%emt 00:00:16]} Bb7 {[%clk 01:31:06]}
{[%emt 00:00:09]} 3. Nc3 {[%clk 01:31:22]} {[%emt 00:00:16]} e6 {[%clk
01:31:23]} {[%emt 00:00:14]} 4. a3 {[%clk 01:30:11]} {[%emt 00:01:41]} d6
{[%clk 01:31:28]} {[%emt 00:00:24]} 5. Nf3 {[%clk 01:30:05]} {[%emt 00:00:36]}
Nd7 {[%clk 01:31:15]} {[%emt 00:00:44]} 6. Be3 {[%clk 01:29:27]} {[%emt
00:01:07]} h6 {[%clk 01:30:52]} {[%emt 00:00:54]} 7. Be2 {[%clk 01:29:36]}
{[%emt 00:00:21]} g6 {[%clk 01:31:04]} {[%emt 00:00:18]} 8. O-O {[%clk
01:28:39]} {[%emt 00:01:26]} Bg7 {[%clk 01:31:26]} {[%emt 00:00:09]} 9. Qd2
{[%clk 01:26:38]} {[%emt 00:02:31]} Ne7 {[%clk 01:31:44]} {[%emt 00:00:11]} 10.
Bc4 {[%clk 01:24:48]} {[%emt 00:02:21]} a6 {[%clk 01:30:50]} {[%emt 00:01:25]}
11. d5 {[%clk 01:23:51]} {[%emt 00:01:25]} e5 {[%clk 01:30:15]} {[%emt
00:01:06]} 12. Ne1 {[%clk 01:21:46]} {[%emt 00:02:35]} f5 {[%clk 01:25:15]}
{[%emt 00:05:30]} 13. f4 {[%clk 01:21:07]} {[%emt 00:01:09]} O-O {[%clk
01:21:56]} {[%emt 00:03:48]} 14. Bd3 {[%clk 01:19:09]} {[%emt 00:02:29]} exf4
{[%clk 01:18:35]} {[%emt 00:03:51]} 15. Bxf4 {[%clk 01:17:56]} {[%emt
00:01:43]} g5 {[%clk 01:18:08]} {[%emt 00:00:57]} 16. Be3 {[%clk 01:16:16]}
{[%emt 00:02:10]} f4 {[%clk 01:18:04]} {[%emt 00:00:34]} 17. Bf2 {[%clk
01:16:25]} {[%emt 00:00:20]} Ne5 {[%clk 01:16:43]} {[%emt 00:01:52]} 18. Bd4
{[%clk 01:15:33]} {[%emt 00:01:22]} N7g6 {[%clk 01:13:53]} {[%emt 00:03:20]}
19. Bxe5 {[%clk 01:14:19]} {[%emt 00:01:43]} Nxe5 {[%clk 01:13:30]} {[%emt
00:00:54]} 20. Nf3 {[%clk 01:14:24]} {[%emt 00:00:25]} Qe7 {[%clk 01:11:05]}
{[%emt 00:02:56]} 21. Nd4 {[%clk 01:13:06]} {[%emt 00:01:47]} Bc8 {[%clk
01:07:57]} {[%emt 00:03:38]} 22. Rae1 {[%clk 01:06:35]} {[%emt 00:07:01]} Qf6
{[%clk 01:05:20]} {[%emt 00:03:08]} 23. Nf3 {[%clk 01:03:01]} {[%emt 00:04:04]}
Nxf3+ {[%clk 01:03:29]} {[%emt 00:02:21]} 24. Rxf3 {[%clk 01:02:32]} {[%emt
00:00:59]} g4 {[%clk 00:59:34]} {[%emt 00:04:25]} 25. Rff1 {[%clk 01:02:07]}
{[%emt 00:00:55]} Qd4+ {[%clk 00:59:41]} {[%emt 00:00:23]} 26. Kh1 {[%clk
01:01:02]} {[%emt 00:01:35]} f3 {[%clk 00:56:39]} {[%emt 00:03:32]} 27. Nd1
{[%clk 00:51:19]} {[%emt 00:10:13]} Qe5 {[%clk 00:47:45]} {[%emt 00:09:25]} 28.
Qe3 {[%clk 00:46:40]} {[%emt 00:05:07]} Qh5 {[%clk 00:42:58]} {[%emt 00:05:18]}
29. gxf3 {[%clk 00:44:47]} {[%emt 00:02:23]} g3 {[%clk 00:35:42]} {[%emt
00:07:46]} 30. Qg1 {[%clk 00:42:32]} {[%emt 00:02:44]} Bh3 {[%clk 00:30:07]}
{[%emt 00:06:06]} 31. Qxg3 {[%clk 00:42:37]} {[%emt 00:00:24]} Bxf1 {[%clk
00:30:19]} {[%emt 00:00:20]} 32. Rxf1 {[%clk 00:42:43]} {[%emt 00:00:22]} Kh8
{[%clk 00:28:50]} {[%emt 00:02:00]} 33. f4 {[%clk 00:31:19]} {[%emt 00:11:54]}
Rg8 {[%clk 00:27:53]} {[%emt 00:01:28]} 34. Qe3 {[%clk 00:30:39]} {[%emt
00:01:09]} a5 {[%clk 00:27:10]} {[%emt 00:01:14]} 35. e5 {[%clk 00:30:46]}
{[%emt 00:00:22]} dxe5 {[%clk 00:23:59]} {[%emt 00:03:40]} 36. Qe4 {[%clk
00:31:01]} {[%emt 00:00:15]} 1-0

[Event "DVM U16 2023"]
[Site "Magdeburg GER"]
[Date "2023.12.27"]
[Round "2"]
[White "von Beckh, Frieda"]
[Black "Laucht, Philipp"]
[Result "0-1"]
[Termination "normal"]
[Board "8.2"]
[WhiteElo "1656"]
[BlackElo "1661"]
[WhiteClock "00:53:37"]
[BlackClock "00:00:56"]
[WhiteTeam "SK Bad Homburg 1927"]
[BlackTeam "SK Johanneum Eppendorf"]
[PlyCount "80"]
[WhiteFideId "16233751"]
[BlackFideId "16244869"]
[EventCountry "GER"]
[EventRounds "7"]
[EventType "team-swiss"]
[EventDate "2023.12.26"]

1. e4 {[%clk 01:30:57]} {[%emt 00:00:04]} c5 {[%clk 01:30:52]} {[%emt
00:00:08]} 2. Nc3 {[%clk 01:31:19]} {[%emt 00:00:08]} Nc6 {[%clk 01:31:14]}
{[%emt 00:00:06]} 3. f4 {[%clk 01:31:43]} {[%emt 00:00:07]} g6 {[%clk
01:31:26]} {[%emt 00:00:19]} 4. Nf3 {[%clk 01:32:06]} {[%emt 00:00:07]} Bg7
{[%clk 01:31:49]} {[%emt 00:00:06]} 5. Bb5 {[%clk 01:32:31]} {[%emt 00:00:06]}
Nd4 {[%clk 01:31:06]} {[%emt 00:01:13]} 6. O-O {[%clk 01:32:53]} {[%emt
00:00:08]} e6 {[%clk 01:29:49]} {[%emt 00:01:47]} 7. e5 {[%clk 01:29:30]}
{[%emt 00:03:51]} a6 {[%clk 01:18:09]} {[%emt 00:12:11]} 8. Be2 {[%clk
01:29:09]} {[%emt 00:00:51]} d6 {[%clk 01:08:47]} {[%emt 00:09:52]} 9. exd6
{[%clk 01:25:33]} {[%emt 00:04:07]} Qxd6 {[%clk 01:00:25]} {[%emt 00:08:52]}
10. d3 {[%clk 01:24:57]} {[%emt 00:01:05]} Ne7 {[%clk 00:59:39]} {[%emt
00:01:16]} 11. Ne4 {[%clk 01:24:15]} {[%emt 00:01:12]} Qc7 {[%clk 00:55:51]}
{[%emt 00:04:18]} 12. c3 {[%clk 01:23:04]} {[%emt 00:01:41]} Nxe2+ {[%clk
00:52:59]} {[%emt 00:03:23]} 13. Qxe2 {[%clk 01:23:25]} {[%emt 00:00:08]} O-O
{[%clk 00:52:27]} {[%emt 00:01:01]} 14. Be3 {[%clk 01:23:13]} {[%emt 00:00:42]}
b6 {[%clk 00:50:20]} {[%emt 00:02:38]} 15. Qf2 {[%clk 01:17:46]} {[%emt
00:05:56]} Nd5 {[%clk 00:47:18]} {[%emt 00:03:34]} 16. Ne5 {[%clk 01:13:26]}
{[%emt 00:04:49]} Nxe3 {[%clk 00:44:49]} {[%emt 00:02:59]} 17. Qxe3 {[%clk
01:13:48]} {[%emt 00:00:09]} Bb7 {[%clk 00:43:17]} {[%emt 00:02:02]} 18. Rae1
{[%clk 01:11:36]} {[%emt 00:02:41]} Rad8 {[%clk 00:40:30]} {[%emt 00:03:18]}
19. Qh3 {[%clk 01:10:17]} {[%emt 00:01:47]} Bxe4 {[%clk 00:28:50]} {[%emt
00:12:12]} 20. Rxe4 {[%clk 01:09:55]} {[%emt 00:00:51]} Rd5 {[%clk 00:23:45]}
{[%emt 00:05:35]} 21. Ng4 {[%clk 01:06:11]} {[%emt 00:04:14]} f5 {[%clk
00:15:55]} {[%emt 00:08:20]} 22. Rxe6 {[%clk 01:05:40]} {[%emt 00:01:01]} fxg4
{[%clk 00:16:10]} {[%emt 00:00:15]} 23. Qxg4 {[%clk 01:05:58]} {[%emt
00:00:12]} Rdf5 {[%clk 00:09:23]} {[%emt 00:07:17]} 24. g3 {[%clk 01:04:59]}
{[%emt 00:01:28]} Qd7 {[%clk 00:07:51]} {[%emt 00:02:04]} 25. Qe2 {[%clk
01:04:30]} {[%emt 00:00:58]} R5f6 {[%clk 00:06:58]} {[%emt 00:01:23]} 26. Re7
{[%clk 01:04:15]} {[%emt 00:00:45]} Qc6 {[%clk 00:06:07]} {[%emt 00:01:21]} 27.
Rd1 {[%clk 01:02:18]} {[%emt 00:02:27]} Rd6 {[%clk 00:04:30]} {[%emt 00:02:07]}
28. Qg4 {[%clk 00:57:59]} {[%emt 00:04:48]} Bf6 {[%clk 00:03:27]} {[%emt
00:01:33]} 29. Ra7 {[%clk 00:57:56]} {[%emt 00:00:34]} b5 {[%clk 00:02:23]}
{[%emt 00:01:35]} 30. f5 {[%clk 00:57:42]} {[%emt 00:00:43]} Bg7 {[%clk
00:02:18]} {[%emt 00:00:35]} 31. fxg6 {[%clk 00:57:23]} {[%emt 00:00:49]} Rxg6
{[%clk 00:02:21]} {[%emt 00:00:28]} 32. Qh5 {[%clk 00:56:37]} {[%emt 00:01:15]}
Qb6 {[%clk 00:01:02]} {[%emt 00:01:50]} 33. Qd5+ {[%clk 00:56:28]} {[%emt
00:00:39]} Kh8 {[%clk 00:00:53]} {[%emt 00:00:39]} 34. Rf7 {[%clk 00:54:22]}
{[%emt 00:02:36]} Rxf7 {[%clk 00:00:58]} {[%emt 00:00:25]} 35. Qxf7 {[%clk
00:54:30]} {[%emt 00:00:20]} Rf6 {[%clk 00:01:21]} {[%emt 00:00:08]} 36. Qd5
{[%clk 00:54:08]} {[%emt 00:00:51]} Qc6 {[%clk 00:00:38]} {[%emt 00:01:14]} 37.
Qd8+ {[%clk 00:53:49]} {[%emt 00:00:49]} Rf8 {[%clk 00:01:01]} {[%emt
00:00:07]} 38. Qg5 {[%clk 00:54:06]} {[%emt 00:00:12]} Qf3 {[%clk 00:00:48]}
{[%emt 00:00:44]} 39. Qd2 {[%clk 00:54:20]} {[%emt 00:00:16]} Bh6 {[%clk
00:00:38]} {[%emt 00:00:41]} 40. Qc2 {[%clk 00:53:37]} {[%emt 00:01:13]} Be3+
{[%clk 00:00:56]} {[%emt 00:00:12]} 0-1

[Event "DVM U16 2023"]
[Site "Magdeburg GER"]
[Date "2023.12.27"]
[Round "2"]
[White "Miller, Elias"]
[Black "Pichl, Christoph"]
[Result "0-1"]
[Termination "normal"]
[Board "8.3"]
[WhiteElo "1410"]
[BlackElo "1680"]
[WhiteClock "00:47:52"]
[BlackClock "00:06:53"]
[WhiteTeam "SK Johanneum Eppendorf"]
[BlackTeam "SK Bad Homburg 1927"]
[PlyCount "96"]
[WhiteFideId "34623590"]
[BlackFideId "16249739"]
[EventCountry "GER"]
[EventRounds "7"]
[EventType "team-swiss"]
[EventDate "2023.12.26"]

1. d4 {[%clk 01:30:59]} {[%emt 00:00:01]} d5 {[%clk 01:30:38]} {[%emt
00:00:22]} 2. Nf3 {[%clk 01:31:23]} {[%emt 00:00:06]} Nf6 {[%clk 01:31:03]}
{[%emt 00:00:04]} 3. c4 {[%clk 01:31:50]} {[%emt 00:00:04]} e6 {[%clk
01:31:27]} {[%emt 00:00:05]} 4. g3 {[%clk 01:32:13]} {[%emt 00:00:08]} Be7
{[%clk 01:30:19]} {[%emt 00:01:38]} 5. Bg2 {[%clk 01:32:41]} {[%emt 00:00:02]}
O-O {[%clk 01:30:41]} {[%emt 00:00:08]} 6. O-O {[%clk 01:33:07]} {[%emt
00:00:04]} c6 {[%clk 01:30:27]} {[%emt 00:00:43]} 7. Qc2 {[%clk 01:33:24]}
{[%emt 00:00:13]} Nbd7 {[%clk 01:28:56]} {[%emt 00:02:02]} 8. Nbd2 {[%clk
01:33:46]} {[%emt 00:00:07]} Re8 {[%clk 01:26:27]} {[%emt 00:02:59]} 9. Rd1
{[%clk 01:33:49]} {[%emt 00:00:28]} b6 {[%clk 01:23:31]} {[%emt 00:03:26]} 10.
e4 {[%clk 01:34:12]} {[%emt 00:00:07]} dxe4 {[%clk 01:22:13]} {[%emt 00:01:47]}
11. Nxe4 {[%clk 01:33:36]} {[%emt 00:01:06]} Bb7 {[%clk 01:20:09]} {[%emt
00:02:34]} 12. Ne5 {[%clk 01:25:11]} {[%emt 00:08:54]} Qc8 {[%clk 01:14:02]}
{[%emt 00:06:38]} 13. c5 {[%clk 01:19:43]} {[%emt 00:05:58]} Nxe4 {[%clk
01:07:30]} {[%emt 00:07:02]} 14. Nxd7 {[%clk 01:18:20]} {[%emt 00:01:52]} Qxd7
{[%clk 00:53:24]} {[%emt 00:14:37]} 15. Bxe4 {[%clk 01:18:40]} {[%emt
00:00:10]} h6 {[%clk 00:53:31]} {[%emt 00:00:24]} 16. a3 {[%clk 01:14:23]}
{[%emt 00:04:46]} Bf6 {[%clk 00:48:08]} {[%emt 00:05:53]} 17. Be3 {[%clk
01:14:07]} {[%emt 00:00:46]} Red8 {[%clk 00:42:40]} {[%emt 00:05:58]} 18. Rac1
{[%clk 01:13:31]} {[%emt 00:01:05]} Rac8 {[%clk 00:39:44]} {[%emt 00:03:26]}
19. Qa4 {[%clk 01:13:04]} {[%emt 00:00:58]} b5 {[%clk 00:37:04]} {[%emt
00:03:10]} 20. Qb3 {[%clk 01:09:12]} {[%emt 00:04:22]} a5 {[%clk 00:35:32]}
{[%emt 00:02:01]} 21. Qc2 {[%clk 01:03:45]} {[%emt 00:05:58]} Re8 {[%clk
00:24:20]} {[%emt 00:11:42]} 22. Qe2 {[%clk 00:56:48]} {[%emt 00:07:27]} Qe7
{[%clk 00:21:14]} {[%emt 00:03:37]} 23. Qg4 {[%clk 00:48:31]} {[%emt 00:08:47]}
Bg5 {[%clk 00:18:12]} {[%emt 00:03:32]} 24. f4 {[%clk 00:45:45]} {[%emt
00:03:15]} Bf6 {[%clk 00:16:15]} {[%emt 00:02:27]} 25. Qh5 {[%clk 00:43:33]}
{[%emt 00:02:41]} Qf8 {[%clk 00:14:58]} {[%emt 00:01:48]} 26. g4 {[%clk
00:42:38]} {[%emt 00:01:25]} g6 {[%clk 00:15:14]} {[%emt 00:00:14]} 27. Qh3
{[%clk 00:42:39]} {[%emt 00:00:28]} Bg7 {[%clk 00:13:44]} {[%emt 00:02:01]} 28.
Bb1 {[%clk 00:38:47]} {[%emt 00:04:22]} Rc7 {[%clk 00:09:25]} {[%emt 00:04:49]}
29. Rc2 {[%clk 00:38:10]} {[%emt 00:01:07]} Rd7 {[%clk 00:07:20]} {[%emt
00:02:35]} 30. Rcd2 {[%clk 00:38:19]} {[%emt 00:00:22]} Red8 {[%clk 00:07:41]}
{[%emt 00:00:09]} 31. Qf3 {[%clk 00:36:03]} {[%emt 00:02:45]} Qe7 {[%clk
00:04:06]} {[%emt 00:04:06]} 32. Qh3 {[%clk 00:34:28]} {[%emt 00:02:04]} Qf8
{[%clk 00:03:35]} {[%emt 00:01:01]} 33. Qg3 {[%clk 00:34:27]} {[%emt 00:00:31]}
Ba6 {[%clk 00:01:12]} {[%emt 00:02:52]} 34. h4 {[%clk 00:34:22]} {[%emt
00:00:35]} b4 {[%clk 00:01:34]} {[%emt 00:00:08]} 35. axb4 {[%clk 00:34:09]}
{[%emt 00:00:43]} axb4 {[%clk 00:01:58]} {[%emt 00:00:06]} 36. f5 {[%clk
00:32:38]} {[%emt 00:02:02]} e5 {[%clk 00:01:11]} {[%emt 00:01:16]} 37. fxg6
{[%clk 00:32:32]} {[%emt 00:00:36]} exd4 {[%clk 00:01:13]} {[%emt 00:00:28]}
38. gxf7+ {[%clk 00:31:25]} {[%emt 00:01:37]} Qxf7 {[%clk 00:01:24]} {[%emt
00:00:18]} 39. Bf4 {[%clk 00:30:54]} {[%emt 00:01:02]} d3 {[%clk 00:00:44]}
{[%emt 00:01:10]} 40. Bd6 {[%clk 00:30:18]} {[%emt 00:01:06]} Bd4+ {[%clk
00:00:39]} {[%emt 00:00:35]} 41. Kh2 {[%clk 00:29:57]} {[%emt 00:00:51]} Re8
{[%clk 00:25:39]} {[%emt 00:05:29]} 42. g5 {[%clk 00:51:08]} {[%emt 00:09:20]}
Rxd6 {[%clk 00:13:40]} {[%emt 00:12:30]} 43. gxh6+ {[%clk 00:50:15]} {[%emt
00:01:22]} Rg6 {[%clk 00:06:25]} {[%emt 00:07:45]} 44. Ba2 {[%clk 00:50:14]}
{[%emt 00:00:32]} Rxg3 {[%clk 00:06:49]} {[%emt 00:00:06]} 45. h7+ {[%clk
00:49:14]} {[%emt 00:01:29]} Kxh7 {[%clk 00:06:12]} {[%emt 00:01:08]} 46. Bxf7
{[%clk 00:49:28]} {[%emt 00:00:16]} Ree3 {[%clk 00:06:31]} {[%emt 00:00:09]}
47. Ra1 {[%clk 00:47:37]} {[%emt 00:02:21]} Rh3+ {[%clk 00:06:39]} {[%emt
00:00:23]} 48. Kg2 {[%clk 00:47:52]} {[%emt 00:00:15]} Reg3+ {[%clk 00:06:53]}
{[%emt 00:00:16]} 0-1

[Event "DVM U16 2023"]
[Site "Magdeburg GER"]
[Date "2023.12.27"]
[Round "2"]
[White "Negru, Maximilian"]
[Black "Barembruch, Bruno"]
[Result "0-1"]
[Termination "normal"]
[Board "8.4"]
[WhiteElo "1316"]
[BlackElo "1660"]
[WhiteClock "00:06:37"]
[BlackClock "01:06:27"]
[WhiteTeam "SK Bad Homburg 1927"]
[BlackTeam "SK Johanneum Eppendorf"]
[PlyCount "60"]
[WhiteFideId "16298136"]
[BlackFideId "34639411"]
[EventCountry "GER"]
[EventRounds "7"]
[EventType "team-swiss"]
[EventDate "2023.12.26"]

1. e4 {[%clk 01:30:57]} {[%emt 00:00:03]} c6 {[%clk 01:30:52]} {[%emt
00:00:07]} 2. d4 {[%clk 01:31:19]} {[%emt 00:00:09]} d5 {[%clk 01:31:16]}
{[%emt 00:00:06]} 3. Nc3 {[%clk 01:31:47]} {[%emt 00:00:02]} dxe4 {[%clk
01:31:36]} {[%emt 00:00:10]} 4. Nxe4 {[%clk 01:32:13]} {[%emt 00:00:04]} Bf5
{[%clk 01:31:59]} {[%emt 00:00:06]} 5. Ng3 {[%clk 01:32:37]} {[%emt 00:00:06]}
Bg6 {[%clk 01:32:23]} {[%emt 00:00:06]} 6. Nf3 {[%clk 01:33:04]} {[%emt
00:00:04]} Nd7 {[%clk 01:32:46]} {[%emt 00:00:06]} 7. Bf4 {[%clk 01:30:38]}
{[%emt 00:02:57]} e6 {[%clk 01:30:59]} {[%emt 00:02:16]} 8. c3 {[%clk
01:27:57]} {[%emt 00:03:12]} Ngf6 {[%clk 01:31:09]} {[%emt 00:00:19]} 9. Bg5
{[%clk 01:25:38]} {[%emt 00:02:50]} Be7 {[%clk 01:30:24]} {[%emt 00:01:13]} 10.
h4 {[%clk 01:23:33]} {[%emt 00:02:37]} h6 {[%clk 01:30:05]} {[%emt 00:00:48]}
11. h5 {[%clk 01:09:06]} {[%emt 00:14:58]} Bh7 {[%clk 01:29:46]} {[%emt
00:00:48]} 12. Be3 {[%clk 01:06:43]} {[%emt 00:02:54]} O-O {[%clk 01:28:11]}
{[%emt 00:02:02]} 13. Bd3 {[%clk 01:06:02]} {[%emt 00:01:14]} Bxd3 {[%clk
01:28:31]} {[%emt 00:00:11]} 14. Qxd3 {[%clk 01:06:30]} {[%emt 00:00:02]} Qa5
{[%clk 01:26:26]} {[%emt 00:02:34]} 15. Ne4 {[%clk 00:52:50]} {[%emt 00:14:10]}
Rad8 {[%clk 01:22:23]} {[%emt 00:04:32]} 16. Nxf6+ {[%clk 00:50:36]} {[%emt
00:02:45]} Bxf6 {[%clk 01:21:33]} {[%emt 00:01:19]} 17. g4 {[%clk 00:32:32]}
{[%emt 00:18:35]} e5 {[%clk 01:19:18]} {[%emt 00:02:46]} 18. b4 {[%clk
00:29:24]} {[%emt 00:03:38]} Qd5 {[%clk 01:10:53]} {[%emt 00:08:54]} 19. Qe2
{[%clk 00:20:30]} {[%emt 00:09:24]} exd4 {[%clk 01:10:36]} {[%emt 00:00:46]}
20. c4 {[%clk 00:17:47]} {[%emt 00:03:14]} Qe4 {[%clk 01:08:50]} {[%emt
00:02:16]} 21. Bxd4 {[%clk 00:17:22]} {[%emt 00:00:54]} Rfe8 {[%clk 01:08:29]}
{[%emt 00:00:51]} 22. Qxe4 {[%clk 00:07:23]} {[%emt 00:10:30]} Rxe4+ {[%clk
01:08:43]} {[%emt 00:00:16]} 23. Kd2 {[%clk 00:07:20]} {[%emt 00:00:32]} Bxd4
{[%clk 01:08:53]} {[%emt 00:00:21]} 24. Kd3 {[%clk 00:07:00]} {[%emt 00:00:50]}
Bxa1 {[%clk 01:08:35]} {[%emt 00:00:48]} 25. Kxe4 {[%clk 00:07:25]} {[%emt
00:00:04]} Nf6+ {[%clk 01:08:54]} {[%emt 00:00:12]} 26. Kf5 {[%clk 00:07:39]}
{[%emt 00:00:16]} Bc3 {[%clk 01:08:28]} {[%emt 00:00:55]} 27. g5 {[%clk
00:07:11]} {[%emt 00:00:58]} hxg5 {[%clk 01:07:54]} {[%emt 00:01:04]} 28. Nxg5
{[%clk 00:07:35]} {[%emt 00:00:06]} Rd2 {[%clk 01:08:06]} {[%emt 00:00:18]} 29.
f4 {[%clk 00:07:31]} {[%emt 00:00:35]} b5 {[%clk 01:06:44]} {[%emt 00:01:51]}
30. cxb5 {[%clk 00:06:37]} {[%emt 00:01:24]} Rd5# {[%clk 01:06:27]} {[%emt
00:00:16]} 0-1

[Event "DVM U16 2023"]
[Site "Magdeburg GER"]
[Date "2023.12.27"]
[Round "2"]
[White "Honisch, Alexander"]
[Black "Bergmann, Lennart"]
[Result "1-0"]
[Termination "normal"]
[Board "9.1"]
[WhiteElo "2155"]
[BlackElo "1612"]
[WhiteClock "00:33:52"]
[BlackClock "00:54:47"]
[WhiteTeam "SK Bebenhausen 1992"]
[BlackTeam "VSG 1880 Offenbach"]
[PlyCount "41"]
[WhiteFideId "16298594"]
[BlackFideId "16270657"]
[EventCountry "GER"]
[EventRounds "7"]
[EventType "team-swiss"]
[EventDate "2023.12.26"]

1. e4 {[%clk 01:30:30]} {[%emt 00:00:29]} c5 {[%clk 01:30:54]} {[%emt
00:00:07]} 2. Nf3 {[%clk 01:30:38]} {[%emt 00:00:22]} Nc6 {[%clk 01:31:13]}
{[%emt 00:00:11]} 3. Bb5 {[%clk 01:30:10]} {[%emt 00:00:57]} e6 {[%clk
01:31:15]} {[%emt 00:00:29]} 4. O-O {[%clk 01:27:51]} {[%emt 00:02:48]} Nge7
{[%clk 01:31:39]} {[%emt 00:00:07]} 5. d4 {[%clk 01:27:57]} {[%emt 00:00:23]}
Qb6 {[%clk 01:23:35]} {[%emt 00:08:34]} 6. Bxc6 {[%clk 01:19:16]} {[%emt
00:09:11]} Nxc6 {[%clk 01:21:37]} {[%emt 00:02:27]} 7. d5 {[%clk 01:17:41]}
{[%emt 00:02:06]} Nd4 {[%clk 01:21:39]} {[%emt 00:00:28]} 8. Nfd2 {[%clk
01:01:59]} {[%emt 00:16:13]} Nb5 {[%clk 01:19:21]} {[%emt 00:02:47]} 9. a4
{[%clk 00:59:26]} {[%emt 00:03:04]} Nc7 {[%clk 01:16:09]} {[%emt 00:03:42]} 10.
b3 {[%clk 00:52:12]} {[%emt 00:07:44]} d6 {[%clk 01:15:05]} {[%emt 00:01:33]}
11. Nc4 {[%clk 00:52:22]} {[%emt 00:00:20]} Qa6 {[%clk 01:15:27]} {[%emt
00:00:09]} 12. Bb2 {[%clk 00:52:43]} {[%emt 00:00:09]} Bd7 {[%clk 01:07:12]}
{[%emt 00:08:44]} 13. Qf3 {[%clk 00:49:18]} {[%emt 00:03:56]} b6 {[%clk
01:04:19]} {[%emt 00:03:24]} 14. Qg3 {[%clk 00:45:37]} {[%emt 00:04:10]} O-O-O
{[%clk 01:02:02]} {[%emt 00:02:46]} 15. Nc3 {[%clk 00:41:59]} {[%emt 00:04:09]}
Qb7 {[%emt 00:07:01]} 16. Rad1 {[%clk 00:40:21]} exd5 {[%clk 00:55:34]} {[%emt
00:02:34]} 17. exd5 {[%clk 00:37:13]} {[%emt 00:03:38]} Bf5 {[%clk 00:55:35]}
{[%emt 00:00:30]} 18. Rd2 {[%clk 00:35:04]} {[%emt 00:02:39]} a6 {[%clk
00:55:07]} {[%emt 00:00:58]} 19. a5 {[%clk 00:33:32]} {[%emt 00:02:01]} b5
{[%clk 00:54:25]} {[%emt 00:01:12]} 20. Nb6+ {[%clk 00:33:33]} {[%emt
00:00:29]} Kb8 {[%clk 00:54:47]} {[%emt 00:00:09]} 21. Qg5 {[%clk 00:33:52]}
{[%emt 00:00:10]} 1-0